Modern History of the Kurds (Record no. 17149)

MARC details
000 -LEADER
fixed length control field 00600nam a2200253 a 4500
020 ## - INTERNATIONAL STANDARD BOOK NUMBER
ISBN 1850436
082 00 - DEWEY DECIMAL CLASSIFICATION NUMBER
Classification number 956.67
Author Cutter MCD
100 ## - MAIN ENTRY--AUTHOR NAME
Author name Mcdowall, David
245 ## - TITLE STATEMENT
Title Modern History of the Kurds
260 ## - PUBLICATION, DISTRIBUTION, ETC. (IMPRINT)
Place of publication London
Name of publisher Tauris Pub.
Year of publication 2004
300 ## - PHYSICAL DESCRIPTION
Number of Pages 515p
500 ## - GENERAL NOTE
General note includes index and biblioraphy
505 2# - FORMATTED CONTENTS NOTE
Formatted contents note Index
650 ## - SUBJECT ADDED ENTRY--TOPICAL TERM
Topical Term Kurdistan
650 ## - SUBJECT ADDED ENTRY--TOPICAL TERM
Topical Term Kurds
942 ## - ADDED ENTRY ELEMENTS (KOHA)
Koha item type Books
700 1# -
-- Mcdowall, David
Holdings
Collection code Home library Current library Date acquired Cost, normal purchase price Full call number Accession Number Koha item type
  Henry Martyn Institute Library Henry Martyn Institute Library 05/30/2007 995.00 956.67 MCD 020847 Books
                   Copyright © 2026 | Henry Martyn Institute | Hyderabad | TS-500052 | INDIA | Implemented by hmi.edu.in
Hit-Count:

Powered by Koha